Daňové zaťaženie práce na Slovensku je stále vysoké odmietneme odporúčanie OECD presunúť daňové zaťaženie na nepriame dane? : komentár 2011/15

Na minha lista:
Detalhes bibliográficos
Autor principal: Remeta, Ján
Formato: Livro
Idioma:eslovaco
Publicado em: Bratislava 2011
Assuntos:
Tags: Adicionar Tag
Sem tags, seja o primeiro a adicionar uma tag!

MARC

LEADER 00000nam a2200000 4500
001 0192127
005 20240416113600.6
041 0 |a slo 
044 |a SK 
245 1 0 |a Daňové zaťaženie práce na Slovensku je stále vysoké  |b odmietneme odporúčanie OECD presunúť daňové zaťaženie na nepriame dane? : komentár 2011/15  |c Ján Remeta 
264 1 |a Bratislava  |c 2011 
300 |a [5 s., 8 NS] 
610 2 0 |a dane 
610 2 0 |a dane nepriame 
610 2 0 |a zaťaženie daňové 
610 2 0 |a mzdy 
610 2 0 |a OECD 
610 2 0 |a Slovensko 
100 1 |a Remeta, Ján